| 000 | 01637cab a2200277 4500 | ||
|---|---|---|---|
| 001 | ABS58926 | ||
| 008 | 090401t1998 xxu||||| |||| 00| 0 eng d | ||
| 035 | _a(Sirsi) u87139 | ||
| 041 | _aeng | ||
| 245 | _aTwinsectra Ltd v Jones | ||
| 260 | _c1998 | ||
| 350 | _a0 | ||
| 490 |
_aEstates Gazette _v(1998) 23 EG 134-143(10) |
||
| 520 | _aLT 27 May 1998. In a previous case "Kay-Green v Twinsectra Ltd" (1996) (Abs55835) the validity of a purchase notice served by the appellant landlords (T) was upheld in repsect of buildings divided into flats. These flats were held on long leases with rights over gardens and amenity land in favour of the landlords but in 1993 T served notices terminating these rights. In 1997 the LVT determined the price payable for the freeholds at £100,165, see "Kay-Green v Twinsectra Ltd" (1997) Abs57169). The landlord appealed on the grounds that the freeholds should not have been valued on the basis of the tenats holding perpetual rights over the garden and land. The nominated oerson also contended that the LVT was wrong to include the vacant possession value of a flat which had become vacant on the death of a regulated tenant after the service of the pruchase notice. Both appeals were dismissed. | ||
| 650 | _aAMENITY LAND | ||
| 650 | _aFREEHOLD VALUATION | ||
| 650 | _aGARDENS | ||
| 650 | _aKAY-GREEN AND OTHERS V TWINSECTRA LTD | ||
| 650 | _aLANDLORD AND TENANT ACT 1987 S12 | ||
| 650 | _aPERPETUAL RIGHTS | ||
| 650 | _aPURCHASE NOTICE | ||
| 650 | _aTWINSECTRA LTD V JONES | ||
| 690 | _aLANDLORD AND TENANT-CASE LAW-RESIDENTIAL TENANCIES | ||
| 942 | _n0 | ||
| 948 | _c02/07/1998 | ||
| 999 |
_c54926 _d54926 |
||